| 000 | 00996nam a2200253Ia 4500 | ||
|---|---|---|---|
| 003 | OSt | ||
| 005 | 20211117102632.0 | ||
| 008 | 191128s1996 ck fr 000 0dspa d | ||
| 020 | _a958616280X | ||
| 040 |
_aCO-JMCR _cCO-JMCR |
||
| 041 | 0 | _aspa | |
| 082 | 0 | 4 |
_a336.01 / _bR436h2 _223 |
| 100 | 1 |
_aRestrepo Salazar, Juan Camilo, _eautor _96525 |
|
| 245 | 1 | 0 |
_aHacienda pública / _cJuan Camilo Restrepo |
| 250 | _aTercera edición | ||
| 260 |
_aBogotá : _bUniversidad Externado de Colombia, _c1996 |
||
| 300 |
_a379 páginas ; _c25 cm. |
||
| 500 | _aIncluye datos biográficos del autor en contra portada. | ||
| 505 | 0 | _aLos propósitos de la hacienda pública -- El gasto público -- Ingresos fiscales -- Principales impuestos del gobierno central -- Presupuesto -- La deuda pública -- Finanzas territoriales | |
| 650 | 1 | 4 |
_aHacienda pública _zColombia _96814 |
| 650 | 1 | 4 |
_aRentas públicas _zColombia _96952 |
| 650 | 1 | 4 |
_aPolítica de finanzas públicas _zColombia _96953 |
| 942 |
_2ddc _cBK |
||
| 999 |
_c4199 _d4199 |
||